Efteling Attracties - Statistieken

Algemene statistieken
  • Deze quiz is 58 keer genomen
  • De gemiddelde score is 20 van 34
Antwoordstatistieken
Hint Antwoord % Correct
Ruigrijk Python
94%
Ruigrijk Joris en de Draak
92%
Ruigrijk De Vliegende Hollander
89%
Marerijk Droomvlucht
86%
Anderrijk Fata Morgana
86%
Reizenrijk Vogel Rok
86%
Fantasierijk Symbolica
81%
Ruigrijk Baron 1898
78%
Marerijk Villa Volta
78%
Anderrijk Max en Moritz
72%
Reizenrijk Carnaval Festival
69%
Anderrijk Piraña
67%
Reizenrijk Pagode
64%
Anderrijk Danse Macabre
58%
Fantasierijk Fabula
58%
Ruigrijk Halve Maen
58%
Reizenrijk Sirocco
58%
Ruigrijk De Oude Tufferbaan
56%
Sprookjesbos Sprookjesbos
56%
Marerijk Diorama
47%
Ruigrijk Nest!
47%
Marerijk Stoomtrein
47%
Ruigrijk Stoomtrein
47%
Reizenrijk Archipel
44%
Marerijk De Monorail
44%
Reizenrijk Gondoletta
44%
Marerijk Het Volk van Laaf
44%
Reizenrijk Kinderspoor
44%
Marerijk Stoomcarrousel
44%
Marerijk Anton Pieckplein
42%
Marerijk Kindervreugd
36%
Reizenrijk Kleuterhof
36%
Ruigrijk Game Gallery
33%
Marerijk Efteling Museum
31%
Geen overeenkomende quizzen gevonden
Scoreverdeling
Procent van Mensen met Elke Score
Percentiel versus Aantal Correcte Antwoorden
Uw Scoregeschiedenis
U heeft deze quiz nog niet genomen